LEADER 00917nam0-22003251i-450- 001 990008113650403321 005 20050530103843.0 010 $a0-321-20470-0 035 $a000811365 035 $aFED01000811365 035 $a(Aleph)000811365FED01 035 $a000811365 100 $a20050517d2004----km-y0itay50------ba 101 0 $aeng 102 $aUS 105 $a--------001yy 200 1 $aMultinational business finance$fDavid K. Eiteman, Arthur I.Stonehill, Michael H.Moffett 205 $a10th ed. 210 $aBoston$cPearson$d2004 215 $aXXI, 768 p.$d24 cm 700 1$aEiteman,$bDavid K.$0497741 701 1$aStonehill,$bArthur I.$0106208 702 1$aMoffett,$bMichael H. 801 0$aIT$bUNINA$gRICA$2UNIMARC 901 $aBK 912 $a990008113650403321 952 $a4-9-685-TI$b8689$fECA 959 $aECA 996 $aMultinational business finance$9757746 997 $aUNINA LEADER 00800cam0-2200301---450- 001 990005745900403321 005 20140408163438.0 035 $a000574590 035 $aFED01000574590 035 $a(Aleph)000574590FED01 035 $a000574590 100 $a19990604d1967----km-y0itay50------ba 101 0 $afre 102 $aFR 105 $a--------001yy 200 1 $a<>poème-symbole$ede Scève a Valéry$eessai$fAlfred Glauser 210 $aParis$cNizet$d1967 215 $a216 p.$d19 cm 610 0 $aPoesia francese 676 $a841.009 700 1$aGlauser,$bAlfred$0193449 801 0$aIT$bUNINA$gRICA$2UNIMARC 901 $aBK 912 $a990005745900403321 952 $a841.009 GLA 1$bBibl.54673$fFLFBC 959 $aFLFBC 996 $aPoème-symbole$9165551 997 $aUNINA